000 00660aas a2200193 4500
999 _c63517
_d63517
001 768714001
003 CO-MdFUSB
005 20171027113616.0
008 171027s2010 ck ||||| |||| 00| 0 spa d
022 _a2145-8197
040 _aCO-MdFUSB
_bspa
_cCO-MdFUSB
_dCO-MdFUSB
041 _aspa
245 3 _aEl Planeta se Calienta
_c/ El Tiempo
300 _aNúmero 10 (2010), página 38
_c: 28 cm.
520 1 _aAumenta la temperatura en la Tierra por la combustión de carbón, petróleo y gas, pero los países industrializados no lo evitan.
650 1 4 _aHISTORIA
773 0 _tdk100
_049432
_959929
_gNúmero 10 (2010), página 38
_qPágina 38
942 _cANA